| 000 | 01451 a2200229 4500 | ||
|---|---|---|---|
| 001 | 16145 | ||
| 005 | 20260407155457.0 | ||
| 008 | 260407a2000 arg spa d | ||
| 003 | AR-UNSa-BCEJYS | ||
| 040 |
_aAR-UNSa-BCEJYS _bspa _cAR-UNSa-BCEJYS |
||
| 080 |
_a342.1 _xEstado. Pueblo. Nación. Poder del estado (Derecho político) |
||
| 245 | 1 | 0 |
_aCurso de derecho político _phistoria del pensamiento político universal y argentino. ciencia política. teoría del estado |
| 020 | _a950-508-170-7 | ||
| 250 | _a4a. ed. | ||
| 264 | 1 |
_aBuenos Aires : _bAstrea _c2000 |
|
| 300 |
_axxiv, 541 p. _c20 cm. |
||
| 505 | _a1. La antiguedad grecorromana - 2. El cristianismo - 3. El medioevo - 4. Renacimiento y absolutismo - 5. El estado nacional monárquico - 6. Liberalismo y democracia - 7. Reacción y restauración - 8. Libertad e igualdad - 9. Tendencias modernas - 10. La conquista y la colonia - 11. La revolución - 12. Ensayos constitucionales - 13. Rosas: ideología y acción - 14. La generación del 37 - 15. La organización - 16. La unificación nacional - 17. La argentina moderna - 18. Realidad política - 19. Formas e instituciones políticas - 20. Dinámica política - 21. La ciencia política en la Argentina | ||
| 942 | _cBK | ||
| 590 | _aniveau_biblio:m niveau_hierar:0 | ||
| 100 | 1 | _aSanguinetti, Horacio | |
| 856 | 4 | 1 |
_uhttps://biblioeco.unsa.edu.ar/pmb/images/libros/Curso de Derecho Politico-l87495.jpg _yImagen de portada _qimage/jpeg |
| 999 |
_c704 _d704 |
||